LEADER 01241nam2-2200385li-450 001 990000194480203316 005 20180312154625.0 010 $a0-7503-0535-5 035 $a0019448 035 $aUSA010019448 035 $a(ALEPH)000019448USA01 035 $a0019448 100 $a20001109d1999----km-y0itay0103----ba 101 0 $aeng 102 $aGB 200 1 $aBasic ideas and concepts in nuclear physics$ean introductory approach$fK. Heyde 205 $a2nd ed 210 $aBristol and Philadelphia$cInstitute of Physics Publishing$dcopyr. 1999 215 $aXX, 524 p.$cill.$d23 cm 225 2 $aGraduate student series in physics$v0 410 0$10010019445$12001$aGraduate student series in physics 610 1 $afisica nucleare 676 $a5397$9Fisica atomica e nucleare 700 1$aHeyde,$bKris$0290857 801 $aSistema bibliotecario di Ateneo dell' Università di Salerno$gRICA 912 $a990000194480203316 951 $a539.7 HEY$b0024181 959 $aBK 969 $aSCI 979 $c19991119 979 $c20001110$lUSA01$h1713 979 $c20020403$lUSA01$h1627 979 $aPATRY$b90$c20040406$lUSA01$h1614 996 $aBasic ideas and concepts in nuclear physics$9185315 997 $aUNISA LEADER 01017nam--2200361---450- 001 990003601970203316 005 20111207113642.0 035 $a000360197 035 $aUSA01000360197 035 $a(ALEPH)000360197USA01 035 $a000360197 100 $a20111207d1912----km-y0itay50------ba 101 0 $aita 102 $aIT 105 $ay|||||||001yy 200 1 $a<> infinito$fLuigi Botti 210 $aGenova$cFormiggini$d1912 215 $a529 p.$d24 cm 225 2 $aBiblioteca di filosofia e di pedagogia 410 0$12001$aBiblioteca di filosofia e di pedagogia 606 0 $aInfinito$2BNCF 676 $a111.6 700 1$aBOTTI,$bLuigi$0178520 801 0$aIT$bsalbc$gISBD 912 $a990003601970203316 951 $aXV.2.A. 993$b1745 F.C.$cXV.2.A. 959 $aBK 969 $aCUOMO 979 $aCACCAVO$b90$c20111207$lUSA01$h1129 979 $aCACCAVO$b90$c20111207$lUSA01$h1135 979 $aCACCAVO$b90$c20111207$lUSA01$h1136 996 $aInfinito$91135653 997 $aUNISA